| 000 | 00657nam a2200217 a 4500 | ||
|---|---|---|---|
| 999 |
_c3771 _d3771 |
||
| 001 | 3771 | ||
| 003 | BD-JhCC | ||
| 005 | 20171118164151.0 | ||
| 008 | 171118s1977 bg |||| |||| 000 0 ben d | ||
| 035 | _a(BD-JhCC)3771 | ||
| 040 |
_aBD-JhCC _dBD-JhCC |
||
| 041 | _aben | ||
| 082 |
_a891.4415 _bSHA 1977 |
||
| 100 | _aরহমান, শামসুর | ||
| 245 |
_aবাংলাদেশ স্বপ্ন দ্যাখে / _cশামসুর রহমান. |
||
| 260 |
_aঢাকা : _bসন্ধানী প্রকাশনী, _c1977. |
||
| 300 |
_a92 p. : _c21 cm. |
||
| 650 | _aBengali Drama | ||
| 942 |
_2ddc _cBK |
||